Statistics for Tolerate It-Taylor Swift Lyrics Quiz

Click here to take the quiz!

General Stats

  • This quiz has been taken 274 times
  • The average score is 249 of 315

Answer Stats

Answer% Correct
I
100%
You
97%
A
96%
And
95%
It
95%
Tolerate
94%
What
94%
Your
94%
My
93%
Be
92%
The
92%
Watch
92%
With
91%
Do
90%
Head
89%
I'm
88%
Love
88%
Sit
88%
So
88%
If
86%
In
86%
Me
86%
But
84%
By
84%
Know
84%
Now
84%
Us
84%
It's
83%
All
82%
For
82%
Just
82%
Like
82%
Should
82%
Wait
82%
Celebrated
81%
Fancy
81%
Kid
81%
Low
81%
Shit
81%
Tell
81%
Table
80%
Best
79%
Colors
79%
Door
79%
Got
79%
Much
79%
Or
79%
Somehow
78%
Wrong
78%
I've
77%
Lay
77%
Portrait
77%
Use
77%
Don't
76%
Reading
76%
You're
76%
Eyes
74%
Older
74%
Wiser
74%
Closed
71%
Everything
71%
Notice
69%
Where
65%
Of
63%
They
62%
Breathing
61%
Polish
58%
Was
57%
Gleam
56%
Glisten
56%
Until
56%
Plates
55%
Sky
55%
Temple
55%
Begging
54%
Footnotes
54%
Good
54%
Life
54%
Story
54%
Listen
53%
Take
52%
That
52%
Too
52%
Welcome
52%
Were
52%
Fun
51%
Hero's
51%
Made
51%
Man
51%
Out
51%
Wake
51%
Battle
50%
Building
50%
Greet
50%
Mural
49%
Barbed
48%
Other
47%
Where's
47%
Wire
47%
Worlds
47%
Would
46%
Blankets
45%
Over
45%
Could
44%
Leave
44%
Then
44%
This
44%
Time
44%
Up
44%
While
44%
Ruins
43%
Always
42%
Hearts
42%
Taking
42%
Believe
41%
Dagger
41%
Lose
41%
Space
41%
Byline
40%
Drawing
39%
Gain
38%
Removed
38%
Weight
38%
Free
37%
Indiscretions
37%
Break
36%
Fine
35%
Throw
35%
Took
35%
Assume
34%
Who'd
34%

Score Distribution

Percentile by Number Answered

Percent of People with Each Score

Your Score History

You have not taken this quiz